000 00241nam a2200109Ia 4500
008 260210s9999 xx 000 0 und d
020 _a9781610915496
100 _aNordahl
245 0 _aPublic Produce
260 _bIsland Press
942 _cPG
999 _c14041
_d14041